RICS construction market survey United Kingdom (Record no. 109638)

MARC details
000 -LEADER
fixed length control field 01535cad a22002415a 4500
001 - CONTROL NUMBER
control field E147593
008 - FIXED-LENGTH DATA ELEMENTS--GENERAL INFORMATION
fixed length control field 090527s2009 xxkd f s 000 0 eng d
035 ## - SYSTEM CONTROL NUMBER
System control number (Sirsi) u147593
041 0# - LANGUAGE CODE
Language code of text/sound track or separate title eng
050 04 - LIBRARY OF CONGRESS CALL NUMBER
Classification number 338.47624 $2 18
110 2# - MAIN ENTRY--CORPORATE NAME
Corporate name or jurisdiction name as entry element Royal Institution of Chartered Surveyors
Subordinate unit Economics
9 (RLIN) 5033
245 00 - TITLE STATEMENT
Title RICS construction market survey United Kingdom
Remainder of title first quarter 2009
Medium [electronic resource]
260 ## - PUBLICATION, DISTRIBUTION, ETC.
Place of publication, distribution, etc. London
Name of publisher, distributor, etc. RICS
Date of publication, distribution, etc. 2009
490 #0 - SERIES STATEMENT
Series statement RICS Construction Market Survey United Kingdom
Volume/sequential designation First Quarter 2009
520 ## - SUMMARY, ETC.
Summary, etc. Reports that in 1Q 2009, workloads continued to weaken across the board, but some key areas, including housing, saw an easing in the pace of the decline. Construction workloads remained in negative territory for the fourth consecutive quarter with 45% more surveyors reporting a fall rather than a rise in overall workloads in the first quarter, up from a net balance of -47. Both private and public housing saw a small improvement in the number of surveyors reporting falling workloads, with 49% more surveyors reporting a fall than a rise in private housing, up from -66%, and 13% reporting a fall rather than a rise in public housing, 7% less than 4Q 2008.
521 2# - TARGET AUDIENCE NOTE
Target audience note Advanced
590 ## - LOCAL NOTE (RLIN)
Local note KA
650 24 - SUBJECT ADDED ENTRY--TOPICAL TERM
Topical term or geographic name entry element RICS CONSTRUCTION MARKET SURVEY UNITED KINGDOM
651 #4 - SUBJECT ADDED ENTRY--GEOGRAPHIC NAME
Geographic name United Kingdom
Chronological subdivision
690 ## - LOCAL SUBJECT ADDED ENTRY--TOPICAL TERM (OCLC, RLIN)
Topical term or geographic name as entry element BUILT ENVIRONMENT-CONSTRUCTION MARKET
856 40 - ELECTRONIC LOCATION AND ACCESS
Uniform Resource Identifier <a href="https://www.rics.org/RICSWEB/getpage.aspx?p=yDibSm16kEeqvP9jmO1W0g">https://www.rics.org/RICSWEB/getpage.aspx?p=yDibSm16kEeqvP9jmO1W0g</a>
Public note View the survey free of charge at www.rics.org...
942 ## - ADDED ENTRY ELEMENTS (KOHA)
Suppress in OPAC 0
Holdings
Withdrawn status Lost status Source of classification or shelving scheme Damaged status Not for loan Home library Current library Shelving location Date acquired Total Checkouts Full call number Barcode Date last seen Copy number Price effective from Koha item type
    Dewey Decimal Classification     Virtual Virtual Online 27/05/2009   ONLINE PUBLICATION 147593-2001 06/08/2019 1 06/08/2019 Book